| 000 | 00852nam a2200253 a 4500 | ||
|---|---|---|---|
| 001 | 000020161 | ||
| 005 | 20200929170307.0 | ||
| 008 | 100726s2007 cu a 000 0 spa d | ||
| 020 | _a9789591012227 | ||
| 040 |
_aDO-SdBNP _bspa _cBNPHU |
||
| 082 |
_a927.80 _bM385b |
||
| 100 | 1 |
_aMartínez Rodríguez, Raúl, _d1937- _942752 |
|
| 245 | 1 | 0 |
_aBenny Moré / _cRaúl Martínez Rodríguez. |
| 260 |
_aLa Habana : _bLetras Cubanas, _c2007. |
||
| 300 |
_a120 p. : _bil. ; _c19 cm. |
||
| 490 | 1 | _aMúsica cubana | |
| 500 | _aIncluye referencias bibliográficas y notas al pie de páginas | ||
| 500 | _aIncluye datos biográficos del autor en la contracubierta | ||
| 504 | _aBibliográfías : p. 39-41 | ||
| 600 | 1 | 4 |
_aMORÉ, BENNY _d1919-1963 _942753 |
| 650 | 4 |
_aCantantes cubanos _xBiografía _942754 |
|
| 830 | 0 |
_aMúsica cubana _942755 |
|
| 049 | _aBNPD | ||
| 999 |
_c19668 _d19668 |
||